Protiv buržuaznych ekonomičeskich psevdoteorij socializma. Kritičeskij očerk.

Uložené v:
Podrobná bibliografia
Hlavný autor: Chavina, Seva Abramovna
Médium: Kniha
Jazyk:Russian
Vydané: Moskva : Ekonomizdat, 1962.
Fyzický popis: 193 strán.
Tagy: Pridať tag
Žiadne tagy, Buďte prvý kto otaguje tento záznam!

MARC

LEADER 00000nam a22000002i 4500
001 000652021
005 20210107083025.0
008 210107s1962 ru e 000 0 rus d
020 |c Kčs 7,10  |q (viazané) 
040 |a SVKKK  |b slo  |c SVKKK  |e rda 
100 1 |a Chavina, Seva Abramovna 
245 1 0 |a Protiv buržuaznych ekonomičeskich psevdoteorij socializma. Kritičeskij očerk. 
264 1 |a Moskva :  |b Ekonomizdat,  |c 1962. 
300 |a 193 strán. 
336 |a text  |b txt  |2 rdacontent 
337 |a bez média  |b n  |2 rdamedia 
338 |a zväzok  |b nc  |2 rdacarrier 
500 |a Záznam revízie 
910 |a svkkk 
998 |a BK 
090 |g SCKHL  |k Sklad Pribinova 2. posch.  |a III.85790  |j 310420  |i 2720757906  |4 Zastaraná  |s Vyradená